000 01316nam a22004577a 4500
001 BR6004362
003 BR-BrBNA
005 20230928095542.0
007 ta
008 230509b bl.||||| |||| 00| 0 por d
040 _aBR-BrBNA
_bpor
_cBiblioteca Nacional de Agricultura
041 _a(Por)
072 _aE10; E50; D50
090 _ E10 BR6004362
100 1 _aArteche, E.
100 1 _aRebello, P.B.
100 1 _aElias, A.M.
100 1 _aGomes, C.B.
100 1 _aMohrdieck, K.
100 1 _aMachado, I.F.
100 1 _aBarbosa, P.M.
100 1 _aCarlini, U.
100 1 _aSilva, L.V. da
100 1 _aCamargo, E.S.
100 1 _aGregory, A.
100 1 _aCorseuil, I.J.
100 1 _aSouza, N.C. de
110 1 _aGoverno do Estado do Rio Grande do Sul, Porto Alegre (Brasil). Comissao Especial de Reforma Agraria
_95401
245 1 _aBases e diretrizes para um programa estadual de reforma agraria
260 3 _aPorto Alegre, RS (Brasil):
_c[nd].
300 _avp.
500 _a16 ref.; 24 illus.; [Ca. 70]p. Published after 1963
650 _aReforma Agraria
650 _aSociologia Rural
650 _aColonizacao
650 _aLegislacao
650 _aEstrutura Agraria
650 _aRio Grande do Sul
909 _a202309
_bLucia
_c55
_dLucia Elande
942 _cBK
999 _c57246
_d57246